00749nam a2200229 i 4500001000300000100002100003245010400024246003700128250001100165260003400176300003200210500003900242504001200281630001200293655001800305020001500323040000800338041001100346080002300357008004100380856009800421bg1 aPETZOLD, Charles10aProgramowanie Windows :b[kompletny podręcznik Win32 API do Windows 95/98/NT] /cCharles Petzold. iTyt. oryg.:aProgramming Windows aWyd.2. aWarszawa :bWydaw. RM,c1999. a1294 s. ;c25 cm +eCD-ROM. aOryg.: "Programming Windows" 1999. aIndeks.09aWindows aPodręczniki a8387216909 cBPK1 aplhen a004.451Windows(07) s pl f |000 0 pol  uhttp://koha.tu.koszalin.pl/cgi-bin/koha/opac-detail.pl?biblionumber=35763yKatalog online BPK